Faire parler les montagnes : Initiation chamanique dans les Andes péruviennes (notice n° 2198406)

détails MARC
000 -LEADER
fixed length control field 01660cam a2200133 4500500
005 - DATE AND TIME OF LATEST TRANSACTION
control field 20260405085538.0
041 ## - LANGUAGE CODE
Language code of text/sound track or separate title fre
042 ## - AUTHENTICATION CODE
Authentication code dc
100 10 - MAIN ENTRY--PERSONAL NAME
Personal name Baud, Sébastien
Relator term author
245 00 - TITLE STATEMENT
Title Faire parler les montagnes : Initiation chamanique dans les Andes péruviennes
260 ## - PUBLICATION, DISTRIBUTION, ETC.
Name of publisher, distributor, etc. Armand Colin,<br/>
Date of publication, distribution, etc. 2011.<br/>
520 ## - SUMMARY, ETC.
Summary, etc. Chaque soir dans la région de Cuzco, au Pérou, le chaman don Carlos convoque ses esprits auxiliaires au cours d’une réunion à laquelle prennent part quelques habitués, des patients et leurs familles. Ces doubles immatériels de la terre et des montagnes, apu et pachamama, surgissent alors, tels des oiseaux, par quelques battements d’ailes, dans la pièce cérémonielle plongée dans une obscurité complète. Ce rituel est celui de la mesa, au cours duquel le chaman « s’envole » pour se poser sur une table et s’entretenir, sous une identité autre que celle de la personne sociale, avec les participants. Fruit de plusieurs années de recherches menées au sein de contextes (ville/campagne) et de milieux socio-économiques différents, Faire parler les montagnes propose, à travers le récit du parcours initiatique d’un jeune métis, une lecture inédite de l’espace à la fois géographique et symbolique des Andes péruviennes. L’étude de la mesa, comme expérience de l’émergence du « monde-autre », révèle ainsi les représentations collectives et les savoirs qui permettent aux hommes de gérer l’aléatoire, et vient renouveler la compréhension du chamanisme andin.
856 41 - ELECTRONIC LOCATION AND ACCESS
Uniform Resource Identifier <a href="https://shs.cairn.info/faire-parler-les-montagnes--9782200275907?lang=fr&redirect-ssocas=7080">https://shs.cairn.info/faire-parler-les-montagnes--9782200275907?lang=fr&redirect-ssocas=7080</a>

Pas d'exemplaire disponible.

PLUDOC

PLUDOC est la plateforme unique et centralisée de gestion des bibliothèques physiques et numériques de Guinée administré par le CEDUST. Elle est la plus grande base de données de ressources documentaires pour les Étudiants, Enseignants chercheurs et Chercheurs de Guinée.

Adresse

627 919 101/664 919 101

25 boulevard du commerce
Kaloum, Conakry, Guinée

Réseaux sociaux

Powered by Netsen Group @ 2025